Dance on. Bill Evans

Bill Evans discusses the place of tap dance in modern dance and advocates the importance of Laban analysis in the practice of modern choreography. He reminisces about his experiences as a dance director and considers the business side of dance companies.

Saved in:
Bibliographic Details
Corporate Author: Insight Media (Firm)
Other Authors: Evans, Bill, 1940-, Mahoney, Billie., Turner, Sheree.
Format: Electronic
Language:English
Published: New York : Insight Media, [2005?, p1990]
Series:Dance in video
Subjects:
Tags: Add Tag
No Tags, Be the first to tag this record!
LEADER 01378cgm a22003372i 4500
001 014282995-1
005 20150118021758.0
008 060308p20051990nyu029 g s |vleng d
040 |a Nz  |c UV0  |d OCLCG  |d XBM  |d SEM  |d UtOrBLW  |d VaAlASP 
245 0 0 |a Dance on.  |p Bill Evans  |h [electronic resource] /  |c directed by Billie Mahoney. 
246 3 |a Bill Evans 
260 |a New York :  |b Insight Media,  |c [2005?, p1990] 
300 |a 1 online resource (29 min.). 
490 1 |a Dance in video 
490 0 |a Dance on 
500 |a An episode from the public access cable television program Dance on: with Billie Mahoney. 
500 |a Previously released on DVD. 
520 |a Bill Evans discusses the place of tap dance in modern dance and advocates the importance of Laban analysis in the practice of modern choreography. He reminisces about his experiences as a dance director and considers the business side of dance companies. 
600 1 0 |a Evans, Bill,  |d 1940- 
610 2 0 |a Bill Evans Company. 
650 0 |a Modern dance  |z United States. 
700 1 |a Evans, Bill,  |d 1940- 
700 1 |a Mahoney, Billie. 
700 1 |a Turner, Sheree. 
710 2 |a Insight Media (Firm) 
730 0 |a Dance on (Television program) 
776 1 |c Original publisher catalog number  |o IM16 7955 
776 1 |c Original  |w (OCoLC)226971100 
830 0 |a Dance in video  |5 net 
988 |a 20150118 
906 |0 OCLC